| 000 | 00327nam a2200121Ia 4500 | ||
|---|---|---|---|
| 008 | 190216s9999||||xx |||||||||||||| ||und|| | ||
| 100 | _aMohammed Elias | ||
| 245 | 0 | _aObservations (an Anthology Ofmodern Prose) | |
| 260 |
_bIndian Open University Books _c1995 |
||
| 300 | _a161p | ||
| 650 | _aModern Indian History | ||
| 942 | _cBK | ||
| 999 |
_c14152 _d14152 |
||